General Knowledge Pictures - Beginning 'G' - Statistics

General Stats
  • This quiz has been taken 175 times
    145 since last reset
  • The average score is 16 of 28
Answer Stats
Picture Answer % Correct
Goat
99%
Gin
98%
Gandhi
95%
Grass
94%
Golf
93%
Grave / Gravestone
89%
Ghost
87%
Ginger
87%
Gate
86%
Goalkeeper
80%
Greenland
73%
Grand Canyon
70%
Geyser
68%
Gerbil
53%
Gorbachev
49%
Gooseberry
45%
Gaslight
41%
Grenada
40%
Galleon
35%
Gorgonzola Cheese
35%
Groundhog
33%
Germany
28%
Guggenheim museum
25%
James Gandolfini
25%
Gondolier
24%
Gramophone
24%
Ganges
18%
Grader
12%
No matching quizzes found
Score Distribution
Percent of People with Each Score
Percentile by Number Answered
Your Score History
You have not taken this quiz since the last reset